Los Recursos administrativos especiales una visin̤ prc̀tica /

Detalles Bibliográficos
Autor principal: Tb̀oas Bentanachs, Manuel
Formato: Libro
Publicado: Barcelona : Experiencia, 2005
Edición:2a ed.
Materias:
Acceso en línea:Acceso restringido

MARC

LEADER 00000nam a2200000 a 4500
005 20120619174849.0
007 cr |||||||||||
008 050307c2005 |||| ||||| || |c
020 |a 8493288322  
035 |a 6516 
040 |d vLex 
090 |c 3200  |d 3200 
100 1 |a Tb̀oas Bentanachs, Manuel 
245 1 4 |a Los Recursos administrativos especiales  |h [Recurso electrn̤ico] :  |b una visin̤ prc̀tica /  |c Manuel Tb̀oas Bentanachs 
250 |a 2a ed. 
256 |a Servicio en ln̕ea 
260 |a Barcelona :  |b Experiencia,  |c 2005 
300 |a 1 recurso electrn̤ico (375 p.) 
506 1 |a Contenido solo disponible en los productos indicados  |d vLex Global   |d vLex Global (Academic Edition, excluding Law Schools)   |d vLex Global (U.S. Academic Edition, Law Schools)   |d vLex Global (U.S. Academic Edition, excluding Law Schools)   |d vLex Global (Academic Edition, Law Schools)  
650 0 4 |a Recursos administrativos  |x Legislacin̤  |z Espaą 
650 0 4 |a Derecho administrativo  |x Legislacin̤  |z Espaą 
655 4 |a Llibres electrṇics 
740 0 |a vLex Libros (Servicio en ln̕ea) 
856 4 0 |z Acceso restringido  |u http://vlex.com/source/recursos-administrativos-6516 
942 |c BOOK 
999 0 |a Administrative remedies 
999 0 |a Administrative law